| 000 | 00566cam a22002172a 4500 | ||
|---|---|---|---|
| 001 | 024906 | ||
| 003 | AR-FADEU | ||
| 008 | 311216n1986####xxu####################dd | ||
| 020 | _a84-395-0136-6 | ||
| 092 |
_a301.019 _bE17 _eBDT |
||
| 100 | _aEco, Umberto | ||
| 245 | _aSociología contra psicoanálisis | ||
| 260 | _aBarcelona | ||
| 260 | _bPlaneta-Agostini | ||
| 260 | _c1986 | ||
| 300 | _a274 p | ||
| 440 |
_aObras maestras del pensamiento contemporáneo _n65 |
||
| 700 | _aLucien, Goldmann | ||
| 650 | _aSOCIOLOGIA; PSICOANALISIS/BDT/ | ||
| 942 | _cBDT | ||
| 999 |
_c30592 _d30592 |
||